000 01072nam a22002417a 4500
999 _c81399
_d318676
003 OSt
005 20220810142353.0
008 220810b2015 jo ||||g |||| 00| 0 ara d
020 _a9789957566505
040 _aMa-Un
_cMa-Un
082 _221
_a810.9
_bب ص ت
100 _aالبلقيني، صالح بن عمر بن رسلان.
_996899
245 _aالتذكرة البلقينية في الفوائد والمسائل المنثورة /
_cللإمام العلامة الفقيه علم الدين صالح بن عمر البلقيني ؛ اعتنى بتحقيقها محمد عايش.
250 _aط. 1.
260 _aعمان، الأردن :
_bأروقة للدراسات والنشر،
_c2015
_m1436
300 _a8 مج. ؛
_c24 سم.
490 _aالمكتبة اليقينية.
_v(6).
504 _aيشتمل على قائمة ببليوجرافية.
650 _aالأدب العربي.
_xتاريخ ونقد.
_996917
700 _aعايش، محمد.
_eمحقق.
_985057
942 _2ddc
_cBOOK
243 _aالمكتبة اليقينية.